| 000 | 00546nam a2200205Ia 4500 | ||
|---|---|---|---|
| 005 | 20250326141949.0 | ||
| 008 | 250326s9999 xx 000 0 und d | ||
| 020 | _a0-697-37540-4 | ||
| 037 | _aTextbook | ||
| 040 |
_aFMSL _beng _cFMSL |
||
| 041 |
_aeng _2eng |
||
| 084 |
_aS P0 _qFMSL |
||
| 100 |
_aElliott S N _9745363 |
||
| 245 | 0 |
_aEffective teaching educational psychology _cElliott S N And Others |
|
| 250 | _a3 | ||
| 260 |
_aNY _bNY, McGraw Hill _c2000 |
||
| 300 | _a629p | ||
| 942 |
_cTB _hS P0 |
||
| 999 |
_c1292810 _d1292810 |
||